000
00319nam a2200109Ia 4500
008
200302s9999 xx 000 0 und d
100
_a
Antony D. Radford & Other
245
_a
Design by Optimization in Architecture Building and Construction
260
_b
Van Nostrand Renhold Company
260
_c
1988
300
_a
325 P.,
999
_c
2142
_d
2142